000 00829nam a22002417a 4500
999 _c19889
_d19889
003 AR-CdUCM
008 190523b ||||| |||| 00| 0 spa d
040 _aMUNICIPALIDAD PROVINCIAL DEL CUSCO
_cBIBLIOTECA MUNICIPAL DEL CUSCO
041 _hfr
082 _a634 /
_bC82
100 _aCoutanceau, M.
_941575
245 _aFruticultura :
_btécnica y economía de los cultivos de Rosáceas leñosas productoras de fruta /
260 _aBarcelona :
_bOccidente,
_c1965.
300 _a590 páginas ;
_bIlustraciones,
_c24 cm.
440 _aNueva enciclopedia de agricultura
_941576
505 _aContenido: Fruticultura.
650 _aProducción frutal
_941577
650 _aEconomía
_9382
650 _aTécnicas
_9975
700 _aSimarro, Juan D. (traducción)
_941578
942 _2ddc
_cLIBROS
945 _adavv
_d2019-05-23